000 00641nam a22001697a 4500
082 _a891.439092
_bYAV
100 _aYaro, Yaqoob
245 _aAgha Hashar Kashmiri: shkyiat or fun/
_cYaqoob Yaro,
260 _aKarachi ;
_bcity bookm point.
_c2018.
300 _a159p. :
_c25cm.
563 _aHB
650 _aAgha Hashar Kashmiri – Urdu drama – History and criticism
_9129604
880 _6100-01/(3\r
_aیعقوب یارو,
880 _6245-02/(3\r
_aآغا حشر کاشمیری: شخصیت اور فن/
_bیعقوب یارو,
880 _6260-03/(3\r
_aکراچی ؛
_bسٹی بُک پوائنٹ,
_c2018.
942 _2ddc
_cBK
999 _c614215
_d614215